Play day in the park : building blocks for a healthy future.

Bibliographic Details
Corporate Author: Center for Substance Abuse Prevention (U.S.)
Format: Government Document Book
Language:English
Published: [Rockville, Md.] : U.S. Dept. of Health and Human Services, Substance Abuse and Mental Health Services Administration, Center for Substance Abuse Prevention, [2006?]
Subjects:

MARC

Tag First Indicator Second Indicator Subfields
LEADER 00000cam a2200000Ia 4500
001 in00002169708
005 20151104063701.0
008 060807s2006 mdua b f000 0 eng d
035 |a (OCoLC)ocm70827333 
040 |a GPO  |c GPO  |d MvI  |d UtOrBLW 
049 |a UDOC 
074 |a 0497-D-01 
086 0 |a HE 20.402:B 62/PLAY 
245 0 0 |a Play day in the park :  |b building blocks for a healthy future. 
246 3 |a Building blocks for a healthy future 
264 1 |a [Rockville, Md.] :  |b U.S. Dept. of Health and Human Services, Substance Abuse and Mental Health Services Administration, Center for Substance Abuse Prevention,  |c [2006?] 
300 |a 11 unnumbered pages :  |b co. illustrations ;  |c 48 cm. 
336 |a text  |b txt  |2 rdacontent 
337 |a unmediated  |b n  |2 rdamedia 
338 |a volume  |b nc  |2 rdacarrier 
500 |a Cover title. 
500 |a Shipping list number: 2006-0025-S. 
500 |a Shipping List Date: 07/31/2006 
650 0 |a Outdoor recreation for children. 
710 2 |a Center for Substance Abuse Prevention (U.S.) 
999 |a MARS 
999 f f |s e0139935-bfa8-3f47-ab77-9caa64b02967  |i 5e43f248-5777-3903-96a4-04016118e2d5  |t 0 
952 f f |p normal  |a Texas A&M University  |b College Station  |c Sterling C. Evans Library  |d Evans: US Documents (Annex 5th floor)  |t 0  |e HE 20.402:B 62/PLAY  |f Oversize  |h Superintendent of Documents classification  |i unmediated -- volume  |m A14835676079 
998 f f |a HE 20.402:B 62/PLAY  |t 0  |l Evans: US Documents (Annex 5th floor)